000 00343nam a2200097Ia 4500
082 _a305.896|MINI
245 0 _aMining the future : the Bafokeng story
100 _a Totem Media for the Research & Planning Department of the Royal Bafokeng Administration [South Africa], 2010
942 _cBK
008 210817s9999 xx 000 0 und d
999 _c161815
_d161814